=LDR 00000nam 2200000 4500 =001 INLIS000000000000019 =005 20150108135810.0 =006 =007 =008 Ind =035 ##$$0010-061300000000019 =041 ##$$a Ind =082 ##$$a 910.076 =090 ##$$a 910.076, Kus g =100 ##$$a Kuswanto =245 ##$$a Gita SMA, Lembar kegiatan siswa dan evaluasi geografi / Kuswanto =260 ##$$aSolo$bPabelan$c1997 =300 ##$$a 40 hlm. : ilus. ; 28 cm =650 ##$$a Geografi =650 ##$$a Tes dan Evaluasi =850 ##$$a NBPDMAT